000 01696nam0a2200361 4500
001 RU\NLR\bibl\1854385
005 20250616180553.0
021 _aRU
_b2011-100193
_97170
035 _a(nilc)RSL-KNO-005114989
035 _a(NLR Aleph) 001844319
090 _a2315048
_c2315048
100 _a20111219d2011 |||y0rusy50 ca
101 0 _arus
102 _aRU
105 _ay |||||||||
200 1 _aПедагогические искания рубежа XIX-XX веков и икономическая проблематика
_e[учебное пособие
_eв помощь изучающим историю педагогики]
_fС.И. Кимайкин
_gМ-во образования и науки Рос. Федерации, ГОУ ВПО "Магнитог. гос. ун-т"
210 _aМагнитогорск
_cИзд-во Магнитогорского государственного университета
_d2011
215 _a99 с.
_d21
320 _aБиблиогр.: с. 92-99 (82 назв.) и в подстроч. примеч.
606 1 _aПедагогика
_jУчебные издания
_xИстория
_yРоссия
_z19 - 20 вв.
_92073182
_3RU\NLR\auth\661248063
606 1 _aПедагогика и христианство
_92315521
_3RU\NLR\AUTH\661385542
686 _aЭ372.24-681я7
_2rubbk
686 _aЧ33(2)5я7
686 1 _aЭ211.733
700 1 _aКимайкин
_bС. И.
_gСергей Иванович
_4070
801 0 _aRU
_bRuMoRKP
_c20111219
_grcr
801 1 _aRU
_bРГБ
_c20111219
801 2 _aRU
_bNLR
_c20120111
_grcr
830 _aАвт. по кн.
942 _cBOOK
980 _aNB
980 _aNBR